Państwa Afryki Północnej - Statystyki

Ogólne statystyki
  • Ten quiz został rozwiązany 17 razy
  • Średni wynik to 6 z 7
Statystyki odpowiedzi
Państwo % Poprawnych
Algieria
100%
Egipt
92%
Libia
92%
Maroko
85%
Sudan
85%
Tunezja
77%
Mauretania
62%
Nie znaleziono quizów pasujących do podanych kryteriów
Rozkład punktacji
Procent ludzi z każdym wynikiem
Percentyl według liczby udzielonych odpowiedzi
Twoja historia wyników
Nie rozwiązałeś tego quizu